00663nam a2200217 a 450000100060000000300080000600500170001400800410003103500190007203500190009104000240011004100080013408200200014210000480016224500730021026000400028330000290032350400290035265000160038170000480039750961BD-RjUL20211209075606.0160829s1959 nyua 000 0 eng  a(BD-RjUL)51081 a(OCoLC)4703184 aDLCcTxLTdDLCbeng aeng a428.3bBRB 19591 aBrown, James I.q(James Isaac),d1908-2002.10aBuilding a better vocabulary /cJames I. Brown and Rachel Salisbury. aNew York :bRonald Press Co.,c1959 a124 p. :bill. ;c28 cm. aIncludes bibliographies. 0aVocabulary.1 aSalisbury, Rachel,d1895-1977,ejt. author.